000
00307nam a22001337a 4500
008
170921b xxu||||| |||| 00| 0 eng d
020
_a
9780883633007
041
_a
eng
080
_a
7
100
_a
45
101
_a
art
245
_a
LAW ATRESURY OF ART AND LITERATURE
_c
ROBBINS.S
942
_2
udc
_c
BK
999
_c
28652
_d
28652